Name the Candy - Statistics

General Stats
  • This quiz has been taken 90 times
  • The average score is 5 of 6
Answer Stats
Picture Answer % Correct
skittles
99%
nerds
90%
sour patch kids
90%
Starburst
90%
Mike and Ike
78%
mentos
44%
No matching quizzes found
Score Distribution
Percent of People with Each Score
Percentile by Number Answered
Your Score History
You have not taken this quiz